[Event "1st Grand Europe Open"]
[Site "Golden Sands BUL"]
[Date "2012.06.05"]
[Round "2.26"]
[White "Carlsson, Pontus"]
[Black "Gorbatov, Alexej"]
[Result "0-1"]
[WhiteTitle "GM"]
[BlackTitle "IM"]
[WhiteElo "2531"]
[BlackElo "2363"]
[WhiteFideId "1705814"]
[BlackFideId "4111834"]
[EventDate "2012.06.04"]
[EventType "swiss"]

1. e4 c6 2. d4 d5 3. exd5 cxd5 4. c4 Nf6 5. Nc3 e6 6. Nf3 Be7 7. Bd3 O-O 8. O-O
dxc4 9. Bxc4 Nc6 10. a3 a6 11. Bb3 Qd6 12. d5 exd5 13. Nxd5 Nxd5 14. Qxd5 Qxd5
15. Bxd5 Rd8 16. Be4 Be6 17. Ng5 Bc4 18. Re1 h6 19. Bxc6 bxc6 20. Ne4 Rab8 21.
b4 f5 22. Bb2 fxe4 23. Rxe4 Rd2 24. Bc3 Rc2 25. Rxc4 Bf6 26. Rxc6 Bxc3 27. Rf1
a5 28. bxa5 Rbb2 29. a6 Rxf2 30. Rg6 Bd4 0-1

[Event "1st Grand Europe Open"]
[Site "Golden Sands BUL"]
[Date "2012.06.05"]
[Round "2.27"]
[White "Panbukchian, Valentin"]
[Black "Mekhitarian, Krikor Sevag"]
[Result "0-1"]
[WhiteTitle "IM"]
[BlackTitle "GM"]
[WhiteElo "2359"]
[BlackElo "2531"]
[WhiteFideId "2900637"]
[BlackFideId "2107660"]
[EventDate "2012.06.04"]
[EventType "swiss"]

1. f4 d5 2. Nf3 g6 3. g3 c6 4. Bg2 Qb6 5. e3 Bg7 6. Nc3 Bg4 7. h3 Bxf3 8. Qxf3
Nd7 9. O-O h5 10. d3 Nh6 11. Kh1 e5 12. e4 dxe4 13. Nxe4 Nf5 14. Re1 O-O-O 15.
Rb1 exf4 16. Bxf4 Ne5 17. Qf1 Ng4 18. b4 h4 19. b5 cxb5 20. c4 b4 21. c5 Qb5 22.
hxg4 hxg3+ 23. Bh3 Qxd3 24. Qxd3 Rxh3+ 25. Kg1 Rxd3 26. gxf5 Bd4+ 27. Kf1 Rh2
28. Bxg3 Rf3+ 0-1

[Event "1st Grand Europe Open"]
[Site "Golden Sands BUL"]
[Date "2012.06.05"]
[Round "2.28"]
[White "Salem, A.R. Saleh"]
[Black "Hassan, Abdullah"]
[Result "1-0"]
[WhiteTitle "GM"]
[BlackTitle "IM"]
[WhiteElo "2528"]
[BlackElo "2356"]
[WhiteFideId "9301348"]
[BlackFideId "9300481"]
[EventDate "2012.06.04"]
[EventType "swiss"]

1. d4 d5 2. c4 c6 3. Nc3 Nf6 4. e3 a6 5. Qc2 e6 6. Nf3 Nbd7 7. Bd2 Be7 8. e4
dxe4 9. Nxe4 c5 10. Nxc5 Nxc5 11. dxc5 Bxc5 12. O-O-O Qb6 13. b4 Be7 14. c5 Qc7
15. Bc3 Qf4+ 16. Kb2 Nd5 17. Rd4 Qc7 18. Rxd5 exd5 19. Bxg7 Rg8 20. Qxh7 Rxg7
21. Qxg7 Qf4 22. Kb3 Bf6 23. Qg8+ Ke7 24. Qg3 Qxg3 25. hxg3 a5 26. a4 Bg4 27.
Bb5 Rc8 28. Rd1 Kf8 29. Rd2 axb4 30. Kxb4 Be7 31. Rxd5 b6 32. Rd2 Rxc5 33. Kb3
Be6+ 34. Kb2 Bf6+ 35. Kb1 Bf5+ 36. Bd3 Be6 37. Bb5 Bf5+ 38. Bd3 Be6 39. Bc2 Ra5
40. Rd6 Rh5 41. Kc1 Rh1+ 42. Kd2 Rf1 43. Ke2 Rc1 44. Bd3 Ra1 45. Bb5 Ra2+ 46.
Rd2 Ke7 47. Rxa2 Bxa2 48. Nd2 Bd5 49. f3 Be5 50. g4 f6 51. Kd3 Bf7 52. Ke4 Bg6+
53. Kd5 Bf7+ 54. Kc6 Bd4 55. Kc7 Be3 56. Ne4 Bg6 57. Nc3 Bf7 58. Kc6 Be6 59. Ne4
Bd7+ 60. Kc7 Be6 61. Kb7 Bd5+ 62. Bc6 Bxe4 63. Bxe4 Ke6 64. Kc8 Ke7 65. Kc7 Kf8
66. Kd6 Kg7 67. Ke6 Bf4 68. Kf5 Be3 69. Bd5 Bg5 70. f4 Bh4 71. g5 fxg5 72. Kg4
Be1 73. Kxg5 Bg3 74. Kg4 Be1 75. Kf3 Kf6 76. g4 Ke7 77. Bc4 Kd6 78. g5 1-0

[Event "1st Grand Europe Open"]
[Site "Golden Sands BUL"]
[Date "2012.06.05"]
[Round "2.29"]
[White "Skomorokhin, Roman"]
[Black "Al-Sayed, Mohammed"]
[Result "0-1"]
[WhiteTitle "IM"]
[BlackTitle "GM"]
[WhiteElo "2356"]
[BlackElo "2525"]
[WhiteFideId "4112610"]
[BlackFideId "12100196"]
[EventDate "2012.06.04"]
[EventType "swiss"]

1. d4 d5 2. c4 c6 3. Nf3 Nf6 4. Qb3 dxc4 5. Qxc4 Bf5 6. g3 e6 7. Bg2 Be7 8. O-O
Nbd7 9. e3 O-O 10. Qe2 Ne4 11. Rd1 Qc7 12. Ne1 e5 13. Nc3 Nxc3 14. bxc3 e4 15.
a4 Nf6 16. Qc2 h5 17. Rd2 h4 18. a5 c5 19. Qb3 Rfd8 20. Nc2 c4 21. Qa4 hxg3 22.
hxg3 Rd5 23. Nb4 Bxb4 24. cxb4 Bg4 25. Ra3 Qc8 26. Bb2 Rh5 27. d5 Bf3 28. Bxf6
Rh1+ 29. Bxh1 Qh3 0-1

[Event "1st Grand Europe Open"]
[Site "Golden Sands BUL"]
[Date "2012.06.05"]
[Round "2.30"]
[White "Rusev, Krasimir"]
[Black "Snuverink, Jochem"]
[Result "1-0"]
[WhiteTitle "GM"]
[WhiteElo "2525"]
[BlackElo "2354"]
[WhiteFideId "2905434"]
[BlackFideId "1005642"]
[EventDate "2012.06.04"]
[EventType "swiss"]

1. d4 Nf6 2. c4 e6 3. Nf3 b6 4. g3 Ba6 5. Qc2 Bb4+ 6. Bd2 Qe7 7. Bg2 O-O 8. O-O
c6 9. a3 Bxd2 10. Nbxd2 Rc8 11. e4 d5 12. Rfe1 Nbd7 13. Rac1 Qf8 14. Re3 c5 15.
dxc5 Nxc5 16. e5 Nfe4 17. b4 Nxd2 18. Nxd2 Nd7 19. Qa4 Nb8 20. Rec3 Rd8 21. cxd5
exd5 22. Rc7 Be2 23. Bf3 b5 24. Qb3 Bc4 25. Nxc4 bxc4 26. Qa4 a5 27. Qb5 Na6 28.
Rb7 axb4 29. axb4 d4 30. Rxc4 d3 31. Rf4 d2 32. Rfxf7 Qxb4 33. Rxg7+ Kh8 34.
Rxh7+ Kg8 35. Bd5+ Kf8 36. Rh8# 1-0

[Event "1st Grand Europe Open"]
[Site "Golden Sands BUL"]
[Date "2012.06.05"]
[Round "2.32"]
[White "Chirila, Ioan-Cristian"]
[Black "Bykov, Alexey1"]
[Result "0-1"]
[WhiteTitle "GM"]
[BlackTitle "FM"]
[WhiteElo "2521"]
[BlackElo "2346"]
[WhiteFideId "1211668"]
[BlackFideId "4165365"]
[EventDate "2012.06.04"]
[EventType "swiss"]

1. e4 e5 2. Nf3 Nc6 3. Bb5 a6 4. Ba4 Nf6 5. O-O Be7 6. Re1 b5 7. Bb3 d6 8. c3
O-O 9. h3 Na5 10. Bc2 c5 11. d4 Qc7 12. Nbd2 cxd4 13. cxd4 Nc6 14. Nb3 a5 15.
Be3 a4 16. Nbd2 Bd7 17. Rc1 Qb7 18. Qe2 Rfe8 19. Bd3 exd4 20. Nxd4 Ne5 21. Bb1
Bd8 22. f4 Ng6 23. Qf3 Bb6 24. Kh2 Qa7 25. Nc6 Bxc6 26. Rxc6 Bxe3 27. Rxe3 Nd5
28. Rd3 Nb4 29. Rcxd6 Nxd3 30. Bxd3 Rad8 31. e5 Rxd6 32. exd6 Qd4 33. Bxg6 hxg6
34. Ne4 Kf8 35. Nc3 Qxd6 36. Nxb5 Qb4 37. Nc7 Rd8 38. Qe3 Qd4 39. Qc1 Kg8 40.
Nb5 Qf2 41. b3 Qxa2 42. bxa4 Qxa4 43. Qc7 Re8 44. Nc3 Qd4 45. Nb5 Qf2 46. Na7
Re3 47. f5 Qxf5 48. Qd8+ Kh7 0-1

[Event "1st Grand Europe Open"]
[Site "Golden Sands BUL"]
[Date "2012.06.05"]
[Round "2.33"]
[White "Nikolova, Adriana"]
[Black "Grigoryan, Karen H."]
[Result "1/2-1/2"]
[WhiteTitle "WGM"]
[BlackTitle "IM"]
[WhiteElo "2345"]
[BlackElo "2517"]
[WhiteFideId "2908689"]
[BlackFideId "13301004"]
[EventDate "2012.06.04"]
[EventType "swiss"]

1. e4 c5 2. c3 d5 3. exd5 Qxd5 4. d4 g6 5. Nf3 Bg7 6. Na3 cxd4 7. Bc4 Qd8 8. Qb3
e6 9. Bg5 Nf6 10. Nxd4 O-O 11. Rd1 Qa5 12. Qb5 Qc7 13. Nf3 Nbd7 14. O-O a6 15.
Qb4 b5 16. Be2 Bb7 17. c4 bxc4 18. Qxc4 Qb6 19. Qc2 Rac8 20. Nc4 Bxf3 21. Bxf3
Qb5 22. Bxf6 Rxc4 23. Bc3 Rc7 24. Be2 Qb7 25. Rd3 Rfc8 26. Rh3 Bxc3 27. bxc3 Nf6
28. Qd2 Rc5 29. Qd4 e5 30. Qh4 Qb6 31. c4 Ra5 32. a3 e4 33. g4 Rcc5 34. Rg3 g5
35. Qh6 Nd7 36. Qxb6 Nxb6 37. Rc1 Kg7 38. Re3 Nd7 39. Rd1 Nf6 40. Rd6 Rc7 41.
Rb3 Ne8 42. Rd4 Nf6 43. h3 h6 44. Kf1 Nd7 45. Re3 Nc5 46. Bd1 Rb7 47. Bc2 Rb2
48. Bxe4 Ne6 49. Rd1 Ra2 50. Bd5 R2xa3 51. Rxa3 Rxa3 52. Bxe6 fxe6 53. Kg2 Ra5
54. Rd7+ Kf6 55. Rb7 Kg6 56. Re7 Re5 57. Kf3 h5 58. gxh5+ Kxh5 59. c5 1/2-1/2

[Event "1st Grand Europe Open"]
[Site "Golden Sands BUL"]
[Date "2012.06.05"]
[Round "2.34"]
[White "Berescu, Alin-Mile"]
[Black "Dimitrov, Atanas"]
[Result "1/2-1/2"]
[WhiteTitle "GM"]
[BlackTitle "IM"]
[WhiteElo "2516"]
[BlackElo "2339"]
[WhiteFideId "1204920"]
[BlackFideId "2901315"]
[EventDate "2012.06.04"]
[EventType "swiss"]

1. c4 e6 2. g3 d5 3. Bg2 Nf6 4. Nf3 Be7 5. O-O O-O 6. b3 Nc6 7. Bb2 d4 8. e3 e5
9. exd4 exd4 10. Na3 Bc5 11. d3 h6 12. Nc2 Bg4 13. a3 a5 14. h3 Bh5 15. Qd2 Qd6
16. Nh4 Nd7 17. Nf5 Qf6 18. g4 Bg6 19. Bxc6 bxc6 20. Ncxd4 Ne5 21. Kg2 Bxd4 22.
Bxd4 1/2-1/2

[Event "1st Grand Europe Open"]
[Site "Golden Sands BUL"]
[Date "2012.06.05"]
[Round "2.35"]
[White "Shalamberidze, Akaki"]
[Black "Drenchev, Petar"]
[Result "0-1"]
[WhiteTitle "IM"]
[BlackTitle "GM"]
[WhiteElo "2333"]
[BlackElo "2496"]
[WhiteFideId "13600532"]
[BlackFideId "2903261"]
[EventDate "2012.06.04"]
[EventType "swiss"]

1. Nf3 d5 2. b3 Nf6 3. Bb2 Bf5 4. c4 e6 5. e3 h6 6. Be2 Nbd7 7. O-O Be7 8. d4
O-O 9. Nbd2 c6 10. c5 b6 11. b4 a5 12. a3 Qb8 13. Bc3 Rc8 14. Qc1 Ne8 15. Re1
Bg6 16. Bf1 bxc5 17. bxc5 Rc7 18. e4 dxe4 19. Nxe4 Bxe4 20. Rxe4 Rb7 21. Nd2 Bg5
22. h4 Bxd2 23. Bxd2 Nef6 24. Re3 Nd5 25. Rg3 Kf8 26. Bd3 N7f6 27. Rf3 Rb3 28.
Rb1 Rxb1 29. Bxb1 e5 30. dxe5 Qxe5 31. Qe1 Qd4 32. Bxa5 Qxc5 33. Bb4 Nxb4 34.
axb4 Qd4 35. g3 Re8 36. Re3 Rxe3 37. fxe3 Qb2 38. e4 Ng4 0-1

[Event "1st Grand Europe Open"]
[Site "Golden Sands BUL"]
[Date "2012.06.05"]
[Round "2.38"]
[White "Dimitrov, Pavel"]
[Black "Arnaudov, G. Petar"]
[Result "0-1"]
[WhiteTitle "IM"]
[BlackTitle "IM"]
[WhiteElo "2323"]
[BlackElo "2477"]
[WhiteFideId "2907470"]
[BlackFideId "2907127"]
[EventDate "2012.06.04"]
[EventType "swiss"]

1. e4 e5 2. Nf3 Nc6 3. Bb5 a6 4. Ba4 Nf6 5. O-O Be7 6. d4 exd4 7. e5 Ne4 8. Nxd4
Nc5 9. Nf5 Bf8 10. Qg4 g6 11. Nh6 d5 12. Bxc6+ bxc6 13. e6 Nxe6 14. Qf3 Bxh6 15.
Bxh6 f6 16. Re1 Kf7 17. Nc3 Nd4 18. Qf4 Nxc2 19. h3 Nxa1 20. Rxa1 Re8 21. Rd1
Qe7 22. Qa4 Bd7 23. Qh4 Kg8 24. b4 g5 25. Qd4 Qe5 26. Qd3 Qf5 27. Qg3 Qg6 28.
Qxc7 Rad8 29. a4 Qxh6 30. b5 axb5 31. axb5 Qg7 32. b6 Rc8 33. Qg3 Qe7 34. Na4
Qb4 35. Nc3 Qxb6 36. Qd6 Qd8 37. Na4 Qe7 0-1

[Event "1st Grand Europe Open"]
[Site "Golden Sands BUL"]
[Date "2012.06.05"]
[Round "2.40"]
[White "Bernadskiy, Vitaliy"]
[Black "Voiska, Margarita"]
[Result "1-0"]
[WhiteTitle "IM"]
[BlackTitle "WGM"]
[WhiteElo "2473"]
[BlackElo "2301"]
[WhiteFideId "14100371"]
[BlackFideId "2900602"]
[EventDate "2012.06.04"]
[EventType "swiss"]

1. d4 d5 2. c4 e6 3. Nc3 Be7 4. cxd5 exd5 5. Bf4 Nf6 6. e3 O-O 7. Nf3 Nbd7 8.
Bd3 c5 9. O-O c4 10. Bc2 a6 11. Ne5 Re8 12. b3 Bb4 13. Ne2 cxb3 14. axb3 Nf8 15.
Bg5 Ne6 16. Bh4 Be7 17. f4 Nc7 18. Bxf6 Bxf6 19. Ng3 g6 20. Nh5 Bh8 21. f5 Rxe5
22. dxe5 Bxe5 23. fxg6 hxg6 24. Qf3 Be6 25. Nf4 Qd6 26. Rad1 Rd8 27. Nxe6 Qxe6
28. e4 d4 29. b4 Qe7 30. Bb3 Ne6 31. Qg4 Re8 32. Rd3 Kg7 33. h4 f6 34. Rdf3 Nf8
35. h5 Qd7 36. Qxd7+ Nxd7 37. hxg6 Kxg6 38. Bd5 Rb8 39. Be6 Nb6 40. Rh3 Kg7 41.
Kf2 Rh8 42. Rxh8 Kxh8 43. Ke2 Na4 44. Bc8 Nc3+ 45. Kd3 Na2 46. Rb1 Bd6 47. Bxb7
Nxb4+ 48. Kxd4 a5 49. Kc4 Nc2 50. Kd5 Be5 51. Rc1 Ne3+ 52. Ke6 Kg7 53. Rc5 a4
54. Ra5 Nxg2 55. Rxa4 Kg6 56. Ra8 Nf4+ 57. Ke7 Kg7 58. Bd5 Ng6+ 59. Ke6 Kh6 60.
Bc6 Kg7 61. Ra6 Kh6 62. Kf5 Nh4+ 63. Kg4 Ng2 64. Ra3 Nf4 65. Be8 Ne6 66. Bf7 Nd4
67. Ra8 Nc2 68. Rg8 Ne3+ 69. Kf3 Nc2 70. Rg6+ Kh7 71. Kg4 Ne3+ 72. Kh5 Nf1 73.
Bg8+ Kh8 74. Rg4 Ng3+ 75. Kh6 1-0

[Event "1st Grand Europe Open"]
[Site "Golden Sands BUL"]
[Date "2012.06.05"]
[Round "2.41"]
[White "Jevtic, Sasa"]
[Black "Solozhenkin, Evgeniy"]
[Result "0-1"]
[WhiteTitle "FM"]
[BlackTitle "GM"]
[WhiteElo "2315"]
[BlackElo "2472"]
[WhiteFideId "920452"]
[BlackFideId "4102266"]
[EventDate "2012.06.04"]
[EventType "swiss"]

1. d4 Nf6 2. Nf3 g6 3. Bf4 Bg7 4. e3 O-O 5. h3 d6 6. c4 c5 7. Nc3 Qa5 8. Qa4
Qxa4 9. Nxa4 cxd4 10. exd4 Nc6 11. Nc3 Nh5 12. Be3 f5 13. g3 f4 14. gxf4 Nxf4
15. O-O-O Bd7 16. Ne2 Nxe2+ 17. Bxe2 Rac8 18. d5 Na5 19. b3 b5 20. Nd4 bxc4 21.
b4 Nb7 22. Kd2 c3+ 23. Ke1 c2 24. Rc1 Bxd4 25. Bxd4 Rf4 26. Bxa7 Rxb4 27. Ba6
Ra8 28. Bxb7 Rxa7 29. Bc6 Bxc6 30. dxc6 Rc4 31. Kd2 Rxa2 32. Rhe1 Kf7 33. Re3
Rxc6 34. h4 Rc5 35. Rc3 Rxc3 36. Kxc3 Ra5 0-1

[Event "1st Grand Europe Open"]
[Site "Golden Sands BUL"]
[Date "2012.06.05"]
[Round "2.42"]
[White "Todorov, Ognjan"]
[Black "Can, Emre"]
[Result "0-1"]
[WhiteTitle "IM"]
[BlackTitle "GM"]
[WhiteElo "2305"]
[BlackElo "2461"]
[WhiteFideId "2900521"]
[BlackFideId "6302181"]
[EventDate "2012.06.04"]
[EventType "swiss"]

1. d4 g6 2. Nf3 d6 3. c4 Bg7 4. Nc3 Nf6 5. g3 O-O 6. Bg2 Nbd7 7. O-O e5 8. e4
exd4 9. Nxd4 Re8 10. h3 a6 11. a4 c6 12. Re1 Rb8 13. Bf4 Ne5 14. b3 a5 15. Ra2
Nfd7 16. Rd2 Nc5 17. Be3 Ned7 18. f4 Qb6 19. Bf2 Qb4 20. Na2 Qb6 21. Nc3 Bxd4
22. Rxd4 Qxb3 23. Qxb3 Nxb3 24. Rxd6 Ndc5 25. Red1 f5 26. e5 Be6 27. Bf1 Kf8 28.
Be2 Bf7 29. Kg2 Ne6 30. Bb6 Ra8 31. Rb1 Nbc5 32. Bd1 Re7 33. Bc2 Nd7 34. Be3
Nec5 35. Nd5 cxd5 36. cxd5 Ra6 37. Rxd7 Nxd7 38. e6 Bxe6 39. dxe6 Raxe6 40. Bf2
Re2 41. Bd1 Rd2 42. Kf1 b6 43. Bf3 Re6 0-1

[Event "1st Grand Europe Open"]
[Site "Golden Sands BUL"]
[Date "2012.06.05"]
[Round "2.44"]
[White "Qashashvili, Alexandre"]
[Black "Gabuzyan, Hovhannes"]
[Result "1/2-1/2"]
[WhiteTitle "IM"]
[BlackTitle "IM"]
[WhiteElo "2299"]
[BlackElo "2457"]
[WhiteFideId "13600842"]
[BlackFideId "13303732"]
[EventDate "2012.06.04"]
[EventType "swiss"]

1. e4 c5 2. Nf3 d6 3. d4 cxd4 4. Nxd4 Nf6 5. Nc3 a6 6. Bc4 e6 7. O-O b5 8. Bb3
Be7 9. Qf3 Qb6 10. Be3 Qb7 11. Qg3 b4 12. Nce2 Nbd7 13. Ba4 Qc7 14. f3 Bb7 15.
Qxg7 Rg8 16. Qh6 Rc8 17. a3 d5 18. exd5 Rg6 19. Bxd7+ Qxd7 20. dxe6 fxe6 21. Qh3
e5 22. Nf5 Rxc2 23. Rad1 Qc6 24. Nxe7 Kxe7 25. Ng3 Bc8 26. Qh4 Rg4 27. Qh6 Rg6
28. Qh4 Rg4 29. Qh6 1/2-1/2

[Event "1st Grand Europe Open"]
[Site "Golden Sands BUL"]
[Date "2012.06.05"]
[Round "2.45"]
[White "Wan, Yunguo"]
[Black "Samhouri, Bilal"]
[Result "1-0"]
[BlackTitle "FM"]
[WhiteElo "2456"]
[BlackElo "2281"]
[WhiteFideId "8603189"]
[BlackFideId "8100942"]
[EventDate "2012.06.04"]
[EventType "swiss"]

1. e4 e5 2. Nf3 Nc6 3. Bb5 a6 4. Ba4 Nf6 5. O-O b5 6. Bb3 Be7 7. Re1 d6 8. c3
O-O 9. h3 Na5 10. Bc2 c5 11. d4 Nd7 12. d5 Nb6 13. Nbd2 f5 14. exf5 Bxf5 15.
Bxf5 Rxf5 16. Ne4 Qd7 17. Nfg5 Bxg5 18. Bxg5 Nb7 19. b3 Qf7 20. c4 bxc4 21. bxc4
Nxc4 22. Rc1 Na3 23. Re3 Nb5 24. g4 Rf4 25. Bxf4 exf4 26. Rd3 Qg6 27. f3 Nd8 28.
a4 Nd4 29. Rxd4 cxd4 30. Qxd4 Nf7 31. Kg2 h5 32. Rc6 hxg4 33. hxg4 Rb8 34. Rxa6
Rb1 35. Ra8+ Kh7 36. Qd2 Qh6 37. Nf2 Ra1 38. Qc2+ Qg6 39. Ne4 Ne5 40. Ng5+ Kh6
41. Rh8+ Kxg5 42. Rh5+ Qxh5 1-0

[Event "1st Grand Europe Open"]
[Site "Golden Sands BUL"]
[Date "2012.06.05"]
[Round "2.47"]
[White "Popchev, Milko"]
[Black "Velcheva, Maria"]
[Result "1-0"]
[WhiteTitle "GM"]
[BlackTitle "WGM"]
[WhiteElo "2450"]
[BlackElo "2269"]
[WhiteFideId "2900165"]
[BlackFideId "2903210"]
[EventDate "2012.06.04"]
[EventType "swiss"]

1. Nc3 d5 2. e4 d4 3. Nce2 c5 4. Ng3 Nc6 5. Nf3 g6 6. Bc4 Bg7 7. O-O e6 8. a3
Nge7 9. d3 O-O 10. Ne1 h6 11. f4 Kh7 12. Nf3 f5 13. Qe2 Qd6 14. Bd2 Bd7 15. Rae1
Rae8 16. Bb3 b5 17. Ne5 Nxe5 18. fxe5 Bxe5 19. exf5 Bxg3 20. fxg6+ Nxg6 21. hxg3
Qxg3 22. Qe4 Rf5 23. Qb7 Rxf1+ 24. Rxf1 Re7 25. Qe4 Qe5 26. Qf3 Rg7 27. Qh3 h5
28. Rf2 h4 29. Qg4 Qg3 30. Qh5+ Kg8 31. Qxc5 h3 32. Qxd4 Nh4 33. Qf4 hxg2 34.
Bc3 Qxf4 35. Rxf4 Rh7 36. Be1 Ng6 37. Rg4 Kf7 38. Rxg2 Kf6 39. Rh2 Rg7 40. Kf2
e5 41. Ke3 Nf4 42. Ba5 Kf5 43. Kd2 e4 44. Rf2 Bc6 45. Bb4 Rg3 46. Bc5 Kg4 47.
Bxa7 exd3 48. Rxf4+ 1-0

[Event "1st Grand Europe Open"]
[Site "Golden Sands BUL"]
[Date "2012.06.05"]
[Round "2.48"]
[White "AlHuwar, Jasem"]
[Black "Thejkumar, M. S."]
[Result "1/2-1/2"]
[WhiteTitle "FM"]
[BlackTitle "IM"]
[WhiteElo "2270"]
[BlackElo "2450"]
[WhiteFideId "9300465"]
[BlackFideId "5009154"]
[EventDate "2012.06.04"]
[EventType "swiss"]

1. Nf3 Nf6 2. g3 d5 3. Bg2 c6 4. O-O Bg4 5. c4 e6 6. d3 Nbd7 7. cxd5 exd5 8. h3
Bh5 9. Nc3 Bc5 10. d4 Bd6 11. Nh4 O-O 12. Qd3 Bg6 13. Nxg6 hxg6 14. Bg5 Qb6 15.
Rab1 a5 16. Bf3 Rfe8 17. Kg2 Nf8 18. e4 dxe4 19. Nxe4 Be7 20. Nxf6+ Bxf6 21. Be3
Rad8 22. Rfd1 Qc7 23. Qc4 Be7 24. a3 Bd6 25. Qc3 Nd7 26. b4 axb4 27. axb4 Ra8
28. b5 Ra2 29. bxc6 bxc6 30. Rd2 Ra3 31. Qxc6 Nf6 32. Qxc7 Bxc7 33. Rc2 Bd6 34.
Rb6 Rd8 35. Rcc6 Ne8 36. Rb7 Kf8 37. Bd1 Be7 38. Rb3 Ra7 39. Rcb6 Nd6 40. Rb8
Nf5 41. R8b7 Rxb7 42. Rxb7 Nxd4 1/2-1/2

[Event "1st Grand Europe Open"]
[Site "Golden Sands BUL"]
[Date "2012.06.05"]
[Round "2.50"]
[White "Guempel, Viktor"]
[Black "Virovlansky, Semen"]
[Result "0-1"]
[WhiteTitle "FM"]
[BlackTitle "IM"]
[WhiteElo "2266"]
[BlackElo "2445"]
[WhiteFideId "4148509"]
[BlackFideId "4125207"]
[EventDate "2012.06.04"]
[EventType "swiss"]

1. e4 c5 2. Nf3 d6 3. d4 cxd4 4. Nxd4 Nf6 5. Nc3 a6 6. Bc4 e6 7. Bb3 Nbd7 8. O-O
Nc5 9. Re1 Be7 10. Bg5 O-O 11. f4 h6 12. Bh4 Bd7 13. Qf3 b5 14. e5 dxe5 15. fxe5
Nh7 16. Bf2 Ng5 17. Qg4 b4 18. Nd1 Qc7 19. h4 Nh7 20. Ne3 Qxe5 21. Nd5 exd5 22.
Rxe5 Bxg4 23. Rxe7 Nf6 24. Nc6 Nxb3 25. axb3 Rfc8 26. Nd4 Bh5 27. Rb7 Bg6 28.
Rxb4 Bxc2 29. Rb6 Bd3 30. Rd1 Be4 31. Ra1 Ng4 32. Nc6 Re8 33. Raxa6 Rxa6 34.
Rxa6 Bd3 35. Ra7 Re2 36. Bd4 0-1

[Event "1st Grand Europe Open"]
[Site "Golden Sands BUL"]
[Date "2012.06.05"]
[Round "2.52"]
[White "Koksal, Ege"]
[Black "Akopian, Vladimir"]
[Result "1/2-1/2"]
[BlackTitle "GM"]
[WhiteElo "2200"]
[BlackElo "2697"]
[WhiteFideId "6317626"]
[BlackFideId "13300032"]
[EventDate "2012.06.04"]
[EventType "swiss"]

1. d4 Nf6 2. c4 e6 3. Nf3 c5 4. g3 cxd4 5. Nxd4 Bb4+ 6. Bd2 Qb6 7. e3 Bc5 8. Nb3
Qc6 9. f3 Be7 10. Nc3 a6 11. e4 d6 12. Be3 Nbd7 13. Be2 b6 14. a4 O-O 15. O-O
Rb8 16. a5 Bd8 17. Nd4 Qa8 18. axb6 Bxb6 19. Qd2 Bc5 20. Ra2 Ne5 21. Nc2 Nc6 22.
Na4 Bxe3+ 23. Qxe3 Nb4 24. Nxb4 Rxb4 25. Rd1 Qb8 26. Qd2 d5 27. exd5 exd5 28. c5
Bh3 29. Nb6 Qe5 30. Bxa6 d4 31. Nc4 Qxc5 32. Ra5 Qe7 33. Re1 Be6 34. Qxd4 Ra8
35. Rea1 h5 36. Qd6 Qxd6 37. Nxd6 Rd8 38. Ne4 Nxe4 39. fxe4 g6 40. Rb5 Rxe4 41.
Bb7 Red4 42. Ra8 Rd1+ 43. Kf2 Rxa8 44. Bxa8 Bh3 45. Bf3 Rf1+ 46. Ke3 Re1+ 47.
Kd2 Rg1 48. Re5 Rb1 49. Kc3 Rf1 50. Re3 Rf2 51. b4 Bf1 52. h4 Bb5 53. Kd4 Rc2
54. Rc3 Rb2 55. Kc5 Be8 56. Bd5 Kg7 57. Bb3 Re2 58. Bd5 Rb2 59. Bc4 g5 60. hxg5
Kg6 61. b5 Bxb5 62. Bxb5 Kxg5 63. Bd7 Rd2 64. Bc6 f5 65. Bd5 f4 66. gxf4+ Kxf4
67. Kd6 h4 68. Ke6 Rxd5 69. Kxd5 Kg4 70. Ke4 h3 71. Rc8 h2 72. Rg8+ Kh3 73. Rh8+
Kg2 1/2-1/2

[Event "1st Grand Europe Open"]
[Site "Golden Sands BUL"]
[Date "2012.06.05"]
[Round "2.54"]
[White "Mastrovasilis, Athanasios"]
[Black "Janachkov, Angel"]
[Result "1-0"]
[WhiteTitle "GM"]
[WhiteElo "2537"]
[BlackElo "2209"]
[WhiteFideId "4201990"]
[BlackFideId "2901145"]
[EventDate "2012.06.04"]
[EventType "swiss"]

1. c4 Nf6 2. Nc3 g6 3. g3 Bg7 4. Bg2 O-O 5. Nf3 d6 6. O-O e5 7. d3 h6 8. Rb1 a5
9. a3 Nc6 10. b4 axb4 11. axb4 Nd4 12. Nxd4 exd4 13. Nb5 Ne8 14. Bb2 c5 15. bxc5
dxc5 16. Ba3 Qe7 17. Re1 Nc7 18. Qc1 Ra5 19. e3 Nxb5 20. Rxb5 Rxb5 21. cxb5 dxe3
22. Rxe3 Qd7 23. Bxc5 Re8 24. Qc4 Bf6 25. Bd5 Kg7 26. Bd4 Rxe3 27. Bxf6+ Kxf6
28. fxe3 h5 29. Bxf7 Qe7 30. Qf4+ Bf5 31. Bc4 1-0

[Event "1st Grand Europe Open"]
[Site "Golden Sands BUL"]
[Date "2012.06.05"]
[Round "2.56"]
[White "Ashwin, Jayaram"]
[Black "Banov, Boil"]
[Result "1-0"]
[WhiteTitle "IM"]
[WhiteElo "2471"]
[BlackElo "2153"]
[WhiteFideId "5018137"]
[BlackFideId "2905388"]
[EventDate "2012.06.04"]
[EventType "swiss"]

1. d4 d5 2. c4 c6 3. Nf3 Nf6 4. Nc3 dxc4 5. a4 Bg4 6. Ne5 Bh5 7. g3 Nbd7 8. Nxc4
e6 9. a5 Nd5 10. Bg2 b5 11. axb6 axb6 12. Bf4 Nxf4 13. gxf4 Rc8 14. Ra7 b5 15.
Rxd7 Qxd7 16. Nb6 Qc7 17. Nxc8 Qxc8 18. Qc2 Bb4 19. O-O O-O 20. Ne4 Rd8 21. e3
Bg6 22. Rc1 c5 23. Qb3 Bxe4 24. Bxe4 Qd7 25. dxc5 Qd2 26. Qc2 f5 27. Bf3 Qxc2
28. Rxc2 Kf8 29. c6 Bd6 30. Be2 Rb8 31. b3 Ke7 32. Ra2 Bc7 33. Rd2 Bd6 34. Kf1
Rb6 35. Rc2 Kd8 36. Ra2 b4 37. Bf3 Rb8 38. Ke2 g6 39. Kd3 Rb5 40. Ra8+ Rb8 41.
Ra7 Bc7 42. Kc4 Kc8 43. h4 Kd8 44. h5 gxh5 45. Bxh5 h6 46. Bf3 Kc8 47. Ra1 e5
48. fxe5 Bxe5 49. Ra5 Bd6 50. Rxf5 Kc7 51. Rf7+ Kb6 52. Rb7+ Rxb7 53. cxb7 Kc7
54. Bd5 h5 55. f4 h4 56. f5 Be5 57. Kxb4 h3 58. Kc4 h2 59. Bg2 Kd7 60. Kd5 Bb2 1-0